Otsego County Towns - Statistics

General Stats
  • This quiz has been taken 2 times
  • The average score is 14 of 24
Answer Stats
Rank Town Population % Correct
12 Butternuts 1,846
100%
17 Cherry Valley 1,229
100%
9 Hartwick 1,952
100%
4 Milford 2,827
100%
1 Oneonta 5,065
100%
8 Richfield 2,065
100%
19 Burlington 1,045
50%
23 Decatur 374
50%
10 Edmeston 1,907
50%
21 Exeter 845
50%
6 Laurens 2,311
50%
13 Maryland 1,760
50%
11 Middlefield 1,853
50%
14 Morris 1,735
50%
5 Otego 2,756
50%
3 Otsego 3,641
50%
20 Plainfield 922
50%
15 Springfield 1,346
50%
2 Unadilla 4,392
50%
24 Westford 145
50%
7 Worcester 2,112
50%
18 New Lisbon 1,084
0%
16 Pittsfield 1,312
0%
22 Roseboom 690
0%
No matching quizzes found
Score Distribution
Percent of People with Each Score
Percentile by Number Answered
Your Score History
You have not taken this quiz